000
00325nam a2200133Ia 4500
008
190723s9999 xx 000 0 und d
020
_a
978-81-315-2942-3
100
_a
Hyman David N.
245
0
_a
public Finance a Contemporay
250
_a
11th
260
_a
Delhi
_b
Cengage lesning
_c
2017
300
_a
698;p
942
_c
BK
999
_c
1934
_d
1934